000 00262nam a22001217a 4500
041 _aENG
100 _aIS 11429
245 _aMethods for Calibration of Sprayers
260 _aDelhi
_bBIS
_c1985
300 _a07
650 _aBIS Test Code
856 _uBIS Test Code
999 _c2660
_d2660